书目信息 |
| 题名: |
上海
|
|
| 作者: | 华天舒 编 | |
| 分册: | ||
| 出版信息: | 北京 中国建筑工业出版社 2001.10 |
|
| 页数: | 390页 | |
| 开本: | 袖珍 | |
| 丛书名: | 中国城市著名建筑导读口袋丛书 | |
| 单 册: | ||
| 中图分类: | TU-862 | |
| 科图分类: | ||
| 主题词: | 建筑风格 , 建筑艺术--流派 , 建筑艺术--作品--评价 | |
| 电子资源: | ||
| ISBN: | 7-112-04707-2 | |
| 000 | 00692nam0 2200241 45 | |
| 001 | 0258125528 | |
| 005 | 2002041516084553 | |
| 010 | @a7-112-04707-2@dRMB 18.00 | |
| 100 | @a20020415d2001 km y0chiy0120 ea | |
| 101 | 0 | @achi |
| 102 | @aCN@b110000 | |
| 200 | 1 | @a上海@Ashang hai@f华天舒等编@FHua Tian Shu Deng Bian |
| 210 | @a北京@c中国建筑工业出版社@d2001.10 | |
| 215 | @a390页@d袖珍 | |
| 225 | 2 | @a中国城市著名建筑导读口袋丛书 |
| 410 | 0 | @12001 @a中国城市著名建筑导读口袋丛书 |
| 606 | 0 | @a建筑风格 |
| 606 | 0 | @a建筑艺术@x流派 |
| 606 | 0 | @a建筑艺术@x作品@x评价 |
| 690 | @aTU-862@v3 | |
| 701 | 0 | @a华天舒@AHua Tian Shu@4编 |
| 801 | 0 | @aCN@bPFT@c20020415 |
| 905 | @a10447@dTU-862@eH761 | |
| 上海/华天舒等编.-北京:中国建筑工业出版社,2001.10 |
| 390页;袖珍.-(中国城市著名建筑导读口袋丛书) |
| ISBN 7-112-04707-2:RMB 18.00 |
| ● |
| 相关链接 |
|
|
|
正题名:上海
索取号:TU-862/H761
 
预约/预借
| 序号 | 登录号 | 条形码 | 馆藏地/架位号 | 状态 | 备注 |
| 1 | 355282 | 203552823 | 建筑库101/101建筑库 20排2列4层/ [索取号:TU-862/H761] | 在馆 | |
| 2 | 355283 | 203552832 | 建筑库101/101建筑库 20排2列4层/ [索取号:TU-862/H761] | 在馆 | |
| 3 | 355284 | 203552841 | 建筑库101/101建筑库 20排2列4层/ [索取号:TU-862/H761] | 在馆 |